| 000 | 00510nam a2200169 a 4500 | ||
|---|---|---|---|
| 001 | 000040771 | ||
| 005 | 20201002034352.0 | ||
| 008 | 130906s2012 dr ab 000 0 spa d | ||
| 040 |
_aDO-SdBNP _bspa _cBNPHU |
||
| 082 |
_axxx _bxxxx |
||
| 100 | 1 |
_aHolguín, Mario _967061 |
|
| 245 | 1 | 0 |
_aIndicadores catastroficos. / _cMario Holguín. |
| 260 |
_aSanto Domingo : _bFundaReD, _c2012. |
||
| 300 |
_a47 p. : _bil., map. ; _c18 cm. |
||
| 504 | _aBibliografía p: 43-47 | ||
| 710 | 2 |
_aFundación red de la dignidad _967179 |
|
| 999 |
_c40261 _d40261 |
||